Library Banner

Electronic devices and circuits [+CD] (Record no. 39311)

MARC details
000 -LEADER
fixed length control field 00568nam a2200205Ia 4500
001 - CONTROL NUMBER
control field 40010
008 - FIXED-LENGTH DATA ELEMENTS--GENERAL INFORMATION
fixed length control field 140423s9999 xx 000 0 und d
020 ## - INTERNATIONAL STANDARD BOOK NUMBER
International Standard Book Number 8177588877
040 ## - CATALOGING SOURCE
Transcribing agency PK-LaUMT
082 ## - DEWEY DECIMAL CLASSIFICATION NUMBER
Classification number 621.3815
Item number BOG-E
100 ## - MAIN ENTRY--PERSONAL NAME
Personal name Beasley, Jeffrey S.
245 ## - TITLE STATEMENT
Title Electronic devices and circuits [+CD]
Statement of responsibility, etc Beasley, Jeffrey S.<>Bogart, Theodore F.<>Rico, Guillermo Rico
250 ## - EDITION STATEMENT
Edition statement 6th
260 ## - PUBLICATION, DISTRIBUTION, ETC. (IMPRINT)
Place of publication, distribution, etc New Delhi,India:
Name of publisher, distributor, etc Pearson,
Date of publication, distribution, etc 2006
300 ## - PHYSICAL DESCRIPTION
Extent 877 p.
546 ## - LANGUAGE NOTE
Language note EN
700 ## - ADDED ENTRY--PERSONAL NAME
Personal name Bogart, Theodore F.
700 ## - ADDED ENTRY--PERSONAL NAME
Personal name Rico, Guillermo Rico
942 ## - ADDED ENTRY ELEMENTS (KOHA)
Koha item type Books
Holdings
Withdrawn status Lost status Source of classification or shelving scheme Damaged status Not for loan Home library Current library Date acquired Total Checkouts Full call number Barcode Date last seen Price effective from Koha item type Date checked out
    Dewey Decimal Classification     UMT Main Campus UMT Main Campus 2014-04-23   621.3815 BOG-E 43065 2015-06-05 2014-05-05 Books  
    Dewey Decimal Classification     UMT Main Campus UMT Main Campus 2014-06-25 1 621.3815 BOG-E 43066 2016-09-08 2014-06-25 Books 2015-09-14
    Dewey Decimal Classification     UMT Main Campus UMT Main Campus 2014-06-25   621.3815 BOG-E 43067 2015-06-11 2014-06-25 Books